[Event "SLO-chT2 Ost"]
[Site "Maribor"]
[Date "2009.05.30"]
[Round "1"]
[White "Bajda, Albin"]
[Black "Lorber, Kristijan"]
[Result "1-0"]
[WhiteElo "1720"]
[BlackElo "1758"]
[PlyCount "51"]
[EventDate "2009.05.30"]
[EventType "team-tourn"]
[EventRounds "9"]
[EventCountry "SLO"]
[SourceTitle "EXT 2022"]
[Source "ChessBase"]
[SourceDate "2021.10.06"]
[SourceVersion "1"]
[SourceVersionDate "2021.10.06"]
[SourceQuality "1"]

1. e4 c5 2. Nf3 Nc6 3. d4 cxd4 4. Nxd4 g6 5. Nxc6 bxc6 6. Qd4 Nf6 7. e5 Nd5 8. e6 f6 9. exd7+ Qxd7 10. Bc4 Qe6+ 11. Be3 Bh6 12. Bxd5 Bxe3 13. fxe3 Qxd5 14. Nc3 Qh5 15. 0-0 Ba6 16. Rf3 Bb7 17. Rd1 Rb8 18. Qd7+ Kf7 19. Ne4 Qe5 20. Rxf6+ Qxf6 21. Nxf6 Kxf6 22. Rf1+ Kg7 23. Qxe7+ Kh6 24. Rf4 g5 25. Qf6+ Kh5 26. g4+ 1-0